Wzrost intensywny w krajach socjalistycznych (Record no. 7107)

MARC details
000 -LEADER
fixed length control field 00463nam a22001817i 4500
001 - CONTROL NUMBER
control field 8494
003 - CONTROL NUMBER IDENTIFIER
control field OSt
005 - DATE AND TIME OF LATEST TRANSACTION
control field 20170126082411.0
007 - PHYSICAL DESCRIPTION FIXED FIELD--GENERAL INFORMATION
fixed length control field tu
008 - FIXED-LENGTH DATA ELEMENTS--GENERAL INFORMATION
fixed length control field 161220s1972 xxu||||| |||| 00| 0 d
024 7# - OTHER STANDARD IDENTIFIER
Standard number or code 8494
Source of number or code RID
040 ## - CATALOGING SOURCE
Transcribing agency OSt
100 1# - MAIN ENTRY--PERSONAL NAME
Personal name Kleer, Jerzy
245 00 - TITLE STATEMENT
Title Wzrost intensywny w krajach socjalistycznych
260 ## - PUBLICATION, DISTRIBUTION, ETC.
Place of publication, distribution, etc. Warszawa :
Name of publisher, distributor, etc. Instytut Wydawnicyz CRZZ,
Date of publication, distribution, etc. 1972.
300 ## - PHYSICAL DESCRIPTION
Extent 213 S.
500 00 - GENERAL NOTE
General note er intensive Zuwachs in den sozialistischen Ländern
942 ## - ADDED ENTRY ELEMENTS (KOHA)
Koha item type Book
Holdings
Withdrawn status Lost status Damaged status Not for loan Home library Current library Shelving location Date acquired Inventory number Total Checkouts Full call number Barcode Date last seen Price effective from Koha item type
        WIIW WIIW Souterrain 08/22/2013 8494   I-60 10005777 01/26/2017 01/26/2017 Book
The Vienna Instiute for International Economic Studies (wiiw)